|
|
|
|
| LEADER |
00675cam a2200193 7i4500 |
| 001 |
0000027230 |
| 005 |
20120126090000.0 |
| 020 |
0 |
0 |
|a 9780071760812
|
| 090 |
0 |
0 |
|a B 338.7
|b STE
|
| 100 |
1 |
0 |
|a Steffy
|
| 245 |
1 |
0 |
|a Drowning in oil :
|b BP and the reckless pursuit of profit.
|
| 260 |
0 |
0 |
|a New York:
|b McGrow-Hill,
|c 2011.
|
| 300 |
# |
# |
|a 285p.
|
| 650 |
0 |
0 |
|a Petroleum industry and trade --
|z Mexico, Gulf
|
| 650 |
0 |
0 |
|a Industrial productivity --
|z Mexico, Gulf
|
| 650 |
0 |
0 |
|a Oil spills --
|x Cleanup --
|z Mexico, Gulf
|
| 650 |
0 |
0 |
|a Nature --
|x Effect of human beings on --
|z Mexico, Gulf
|
| 650 |
0 |
0 |
|a British petroleum company
|
| 999 |
|
|
|a B000029869
|b Book
|c Book
|e Business Information Centre
|